Welcome to the Holygrace Academy Library

Please use search bar below to get started

MANHUKLAM NOTTA KUTHIRA (Record no. 7143)

MARC details
000 -LEADER
fixed length control field 00301nam a22001337a 4500
020 ## - INTERNATIONAL STANDARD BOOK NUMBER
ISBN 81-7130-835-X
082 ## - DEWEY DECIMAL CLASSIFICATION NUMBER
Classification number 894.812.3
Item number PAD/M
100 ## - MAIN ENTRY--AUTHOR NAME
Personal name PADMARAJAN,P
245 ## - TITLE STATEMENT
Title MANHUKLAM NOTTA KUTHIRA
260 ## - PUBLICATION, DISTRIBUTION, ETC. (IMPRINT)
Place of publication KOTTAYAM
Name of publisher DC BOOKS
300 ## - PHYSICAL DESCRIPTION
Number of Pages 88
650 ## - SUBJECT ADDED ENTRY--TOPICAL TERM
Topical Term NOVEL MALAYALAM
Geographic subdivision KOTTAYAM
942 ## - ADDED ENTRY ELEMENTS (KOHA)
Koha item type Books
Holdings
Withdrawn status Lost status Collection code Home library Current library Shelving location Date acquired Source of acquisition Full call number Accession Number Koha item type
    Fiction Main Library Main Library NEW SHELF WITH NEW ENTRY 26/10/2023 PURCHASE 894.812.3 PAD/M 13129 Books